000 01109nam a2200325 i 4500
001 12254
003 KOSZ 005
005 20200630132826.0
008 081128s1960 pl a f 000 0 pol
015 _aPB 1960/4180
040 _aWA N
_cKOSZ 005/RW
_dKOSZ 005/RW
041 1 _apol
_hrus
046 _k1960
080 _a539.1
080 _a(076)
245 0 0 _aZbiór zadań z fizyki jądrowej /
_cS. W. Skaczkow [et al. ; tł. z ros. Tadeusz Maczubski].
246 1 _iTyt. oryg.:
_aSbornik zadač po âdernoj fizike.
260 _aWarszawa :
_bPaństwowe Wydawnictwo Naukowe,
_c1960.
300 _a203, [5] s. :
_bil. ;
_c21 cm.
380 _aKsiążki.
388 _a1901-2000
658 _aFizyka i astronomia
655 4 _aĆwiczenia i zadania
650 4 _aFizyka jądrowa
700 1 _aSkačkov, Sergej Vladimirovič.
_eAutor
700 1 _aMaczubski, Tadeusz.
_eTłumaczenie
710 2 _aPaństwowe Wydawnictwo Naukowe
_4pbl.
856 _uhttp://koha.tu.koszalin.pl/cgi-bin/koha/opac-detail.pl?biblionumber=12254
_yKatalog online BPK
942 _2UKD
_cKS
999 _c12254
_d12254